Cádiz

Saved in:
Bibliographic Details
Main Author: Pérez Galdós, Benito (Author)
Format: Book
Language:Spanish
Published: Madrid Alianza-Hernando 1976
Series:Episodios Nacionales, 8. Primera Serie
Subjects:
Tags: Add Tag
No Tags, Be the first to tag this record!

MARC

LEADER 00000nam a2200000 a 4500
001 UCQ5409
003 CL-VaPUC
008 980925e19760000SP |||||||||||||||||spa|d
082 0 4 |a 863  |b PER  |2 21 
100 0 |a Pérez Galdós, Benito  |e author  |9 318144 
245 1 0 |a Cádiz 
300 |a 226 p 
942 |c BK 
945 |d 19980925 00:00:00  |a crobeson 
260 |a Madrid  |b Alianza-Hernando  |c 1976 
650 0 |a Novelas españolas  |9 265052 
650 0 |a Literatura española  |9 306261 
583 |a last modification  |c 19980925 00:00:00  |k Rodrigo Vera 
490 0 |a Episodios Nacionales, 8. Primera Serie 
999 |c 275621  |d 275619 
952 |0 0  |1 0  |4 0  |6 863_000000000000000_PER_1976  |7 0  |8 A  |9 312402  |a BIBEDU  |b BIBEDU  |d 2019-11-20  |i 1472372  |o 863 PER 1976  |p 1472372  |r 2019-11-20  |w 2019-11-20  |y BK  |k LIT